Academic discipline and generalizability of student evaluations of instruction (Record no. 61727)

MARC details
000 -CABECERA
campo de control de longitud fija 00760nam a2200241 a 4500
005 - FECHA Y HORA DE LA ÚLTIMA TRANSACCIÓN
campo de control 20210219152825.0
008 - ELEMENTOS DE LONGITUD FIJA--INFORMACIÓN GENERAL
campo de control de longitud fija 991125n 000 0 eng u
035 ## - NÚMERO DE CONTROL DEL SISTEMA
Número de control de sistema UPN01000062465
100 ## - ASIENTO PRINCIPAL--NOMBRE PERSONAL
Nombre de persona Barnes, Laura L. B.
222 ## - TÍTULO CLAVE
Título clave RESEARCH IN HIGHER EDUCATION
245 ## - MENCIÓN DE TÍTULO
Título Academic discipline and generalizability of student evaluations of instruction
300 ## - DESCRIPCIÓN FÍSICA
Extensión 135-149
362 ## - FECHAS DE PUBLICACIÓN Y/O DESIGNACIÓN SECUENCIAL
Fecha de publicación y/o designación secuencial 1993 34, No. 2
653 0# - TERMINO DE INDIZACION - NO CONTROLADO
Término no controlado CRITERIOS DE EVALUACION
653 0# - TERMINO DE INDIZACION - NO CONTROLADO
Término no controlado DISCIPLINA INTELECTUAL
653 0# - TERMINO DE INDIZACION - NO CONTROLADO
Término no controlado EVALUACION DE LA FACULTAD
653 0# - TERMINO DE INDIZACION - NO CONTROLADO
Término no controlado EVALUACION DEL ESTUDIANTE O LA REALIZACION DEL MAESTRO
653 0# - TERMINO DE INDIZACION - NO CONTROLADO
Término no controlado INVESTIGACION INSTITUCIONAL
653 0# - TERMINO DE INDIZACION - NO CONTROLADO
Término no controlado METODOS DE EVALUACION
700 ## - ASIENTO SECUNDARIO--NOMBRE DE PERSONAL
Nombre de persona Barnes, Michael W.
904 ## - ELEMENTOS DE DATOS D LOCAL, LDD (RLIN)
a AC
b 000276
905 ## - TIPO DE MATERIAL
Tipo de material Articulo

No items available.